| 000 | 00376nam a2200145 i 4500 | ||
|---|---|---|---|
| 001 | bg | ||
| 100 | 1 | _aZIELIŃSKI, Ryszard | |
| 245 | 0 |
_aStochastyczne metody poszukiwania minimum funkcji / _cR. Zieliński, P. Neymann. |
|
| 260 |
_aWarszawa, _c1986. |
||
| 700 | 1 | _aNEUMANN, Peter | |
| 040 | _cBPK | ||
| 041 | _apol | ||
| 942 | _cKS | ||
| 008 | s pl f |000 0 pol | ||
| 999 |
_c2764 _d2764 |
||
| 856 |
_uhttp://koha.tu.koszalin.pl/cgi-bin/koha/opac-detail.pl?biblionumber=2764 _yKatalog online BPK |
||